000 00392nam a22001697a 4500
003 SGT
020 _a812390943
082 _a615.19
_bI86W
100 _aWILLARD, HOBART,H.
245 _aINSTRUMENTAL METHODS OF ANALYSIS
250 _a7TH
260 _aNEW DELHI
_bCBS PUB.
_c1986
300 _a895
650 _aANALYSIS
653 _aINSTRUMENTAL, METHODS, ANALYSIS
942 _2ddc
_cBK
_01
999 _c26455
_d26455